Statistics for Spongebob Secondary/Supporting Characters

Click here to take the quiz!

General Stats

  • This quiz has been taken 227 times
  • The average score is 7 of 15

Answer Stats

Hint Answer % Correct
LobsterLarry
94%
Villiain #2Dirty Bubble
76%
Ghost who haunts Bikini BottomFlying Dutchman
74%
Spongebobs bubble friendBubble Buddy
73%
Villain #1Man Ray
71%
SuperherosMermaid Man and Barnacle Boy
67%
Spongebobs cousinStanley
58%
Patricks Fake FatherMarty
43%
Patricks SisterSam
36%
Original Fry CookJim
36%
Flickering the Lights (Vampire Movie)Nosferatu
32%
Patricks Fake MotherJanet
32%
Band in "Wigstruck"Ned and the Needlefish
20%
Zebra in "I Had An Accident"George
13%
Guy who yells "My leg!"Fred the Fish
10%

Score Distribution

Percentile by Number Answered

Percent of People with Each Score

Your Score History

You have not taken this quiz